000 00486nam a2200169Ia 4500
008 230917s9999||||xx |||||||||||||| ||und||
020 _cRS1500
040 _e234125
_aMAIN
041 _aEnglish
082 _a363.325 T155I
100 _aTandon, C P
245 0 _aIndian Mujahideen: Home grow Jihad threat
260 _aNew Delhi
_bSumit Enterprises
_c2014
300 _avii, 280 p.
500 _a2359 18/08/2016 KB16/166 22/08/2016 Rashtriya Uchchatar Shiksha Abhiyan
942 _cBK
999 _c18943
_d18943